000 00665nam a2200205Ii 4500
003 JO-AjNU
008 230605s9999||||xx |||||||||||||| ||und||
017 _a2006/7/1836
040 _aJO-AjNU
_bara
_erda
_cJO-AjNU
041 _aara
050 1 4 _aPJ7842.I64.T36 2007
100 3 _aتأليف الكسواني،موسى,
_eauthor
_924249
245 0 0 _aطقس النزيف الأخير
264 3 1 _aعمان:دار اليازوري العلمية للنشر والتوزيع،2007
300 _a120ص
336 _atext
_btxt
_2rdacontent
337 _aunmediated
_bn
_2rdamedia
338 _avolume
_bnc
_2rdacarrier
650 4 _aالشعر العربي
_924250
999 _aA8900
_c12468
_d12468